| 000 | 00466nam a22001817a 4500 | ||
|---|---|---|---|
| 003 | NUST - PNEC | ||
| 005 | 20170116180930.0 | ||
| 008 | 150905b xxu||||| |||| 00| 0 eng d | ||
| 020 | _a0070503451 | ||
| 020 | _a007Y66479X | ||
| 040 | _cLIBRARY | ||
| 082 | _a621.301 PLO | ||
| 100 |
_98153 _aPlonus, Martin A. |
||
| 245 |
_aApplied electromagnetics _cMartin A. Plonus |
||
| 260 | _cc.1978 | ||
| 650 |
_98157 _aElectronics engineering _xEL, ME |
||
| 942 |
_2ddc _cBK |
||
| 999 |
_c65860 _d65860 |
||